Normal view
MARC view
Entry Topical Term
001 - CONTROL NUMBER
- control field: 707750
003 - CONTROL NUMBER IDENTIFIER
- control field: OSt
005 - DATE AND TIME OF LATEST TRANSACTION
- control field: 20221007110654.0
008 - FIXED-LENGTH DATA ELEMENTS
- fixed length control field: 221007|| aca||aabn | a|a d
040 ## - CATALOGING SOURCE
- Original cataloging agency: OSt
- Transcribing agency: OSt
150 ## - HEADING--TOPICAL TERM
- Topical term or geographic name entry element: GRATUITY
670 ## - SOURCE DATA FOUND
- Source citation: Work cat.: (OSt)1191158: Srivastava Kirpa Dayal 376422, Commentaries on the Payment of Gratuity Act, 1972 together with Central and States Rules, 1975
